| LEADER | 00856nam a2200253 i 4500 | ||
|---|---|---|---|
| 001 | 007736624-7 | ||
| 005 | 20024617122053.0 | ||
| 008 | 980314s1960 ja a 000 0 jpn | ||
| 010 | |a j 61001112 /L | ||
| 035 | 0 | |a ocm38657371 | |
| 040 | |a DLC |c *YNH* |d CStRLIN | ||
| 050 | 0 | 0 | |a GT510 |b .A6 |
| 100 | 1 | |6 880-01 |a Aoki, Hideo, |d 1920- | |
| 245 | 1 | 0 | |6 880-02 |a Atarashii me de mita fukusō shi / |c Shiga Nobuo, Aoki Hideo cho. |
| 260 | |6 880-03 |a Tōkyō : |b Shinjusha, |c Shōwa 35 [1960] | ||
| 300 | |a 255 p. : |b ill. ; |c 19 cm. | ||
| 650 | 0 | |a Costume |x History. | |
| 700 | 1 | |6 880-04 |a Shiga, Nobuo, |d 1929- | |
| 880 | 1 | |6 100-01 |a 青木英夫, |d 1920- | |
| 880 | 1 | 0 | |6 245-02 |a 新しい目でみた服裝史 / |c 志賀信夫, 青木英夫著. |
| 880 | |6 260-03 |a 東京 : |b 新樹社, |c 昭和35 [1960] | ||
| 880 | 1 | |6 700-04 |a 志賀信夫, |d 1929- | |
| 988 | |a 20021221 | ||
| 906 | |0 DLC | ||


